|
|
|
|
| LEADER |
00900nam a2200241 a 4500 |
| 001 |
28508 |
| 003 |
BD-DhAAL |
| 008 |
141206s2012 ii b 001 0 eng d |
| 020 |
|
|
|a 9788171394920
|
| 040 |
|
|
|a BD-DhAAL
|c BD-DhAAL
|
| 082 |
0 |
0 |
|a 306.4/4
|2 20
|
| 100 |
1 |
|
|a Pillai, M. N. Velayudhan.
|9 6597
|
| 245 |
0 |
0 |
|a Sociolinguistics and language teaching /
|c M. N. Velayudhan Pillai.
|
| 260 |
|
|
|a New Delhi :
|b Jnanada Prakashan,
|c 2012.
|
| 300 |
|
|
|a ix, 301 p. ;
|c 22 cm.
|
| 504 |
|
|
|a Includes bibliographical references and index.
|
| 541 |
1 |
|
|e 28508
|
| 650 |
|
0 |
|a Language and languages
|x Study and teaching
|x Social aspects.
|9 6598
|
| 650 |
|
0 |
|a Sociolinguistics.
|9 6599
|
| 852 |
4 |
|
|a Ayesha Abed Library
|j General shelf
|
| 942 |
|
|
|2 ddc
|c BK
|
| 999 |
|
|
|c 33231
|d 33231
|
| 952 |
|
|
|0 0
|1 0
|2 ddc
|4 0
|6 306_440000000000000_PIL
|7 0
|9 44358
|a BRACUL
|b BRACUL
|c GEN
|d 2014-12-06
|l 0
|o 306.44 PIL
|p 3010028508
|r 2014-12-06
|t 1
|w 2014-12-06
|y BK
|